000 01447nam a2200313 a 4500
001
003 DO-SdBNP
005 20211012093211.0
008 130509s2013 dr ac 001 0 spa d
020 _a9789945443974
040 _aDO-SdBNP
_bspa
_cBPMSU
082 _aRD860.4
_bC697e 2013
_222
100 1 _aCollado, Miguel A.,
_d1954-
245 1 0 _aEn torno a la literatura dominicana :
_bapuntes literarios, bibliográficos y culturales /
_cMiguel Collado.
260 _aSanto Domingo :
_bBanco Central de la República Dominicana,
_c2013.
300 _a368 p. :
_bil., retrs. ;
_c24 cm.
490 0 _aBanco Central de la República Dominicana ;
_aArte y literatura
_v190/65
500 _aIncluye datos biográficos del autor en la solapa de la cubierta
500 _aIncluye índice
504 _aIncluye referencias bibliográficas y notas al pie de las páginas
505 _aEn torno a los Henríquez Ureña 19 -- En torno a Eugenio María de Hostos 75 -- En torno a Juan Bosch 97 -- En torno a otros escritores 121 -- Textos diversos 213 -- Para una lectura panorámica de la literatura dominicana 271
590 _6Inventariado,2021/VM
650 4 _aCrítica literaria
_zRepública Dominicana
650 4 _aLiteratura dominicana
_v Colecciones de escritos.
_z
650 4 _aLiteratura dominicana
_xHistoria.
651 4 _aRepública Dominicana
_xVida intelectual
_vBiobibliografías
910 _aVMateo V.
942 _2ddc
_cBK
999 _c13784
_d13784